000 01255nam a2200397 b 4500
001 02261
003 DO-SdBNP
005 20171109103524.0
007 02261
008 030331s2010 sp | ||| ||spa
016 7 _a
_2BPMSU
017 _a
_b
020 _a9786071104540
035 _a
040 _aBPMSU
_bspa
_cBPMSU
_e
080 0 _a
080 0 _a
082 4 _a337
_bS855m
100 1 _aStiglitz, Joseph E.,
_d1943-
240 1 0 _aGlobalization and its discontents
_lEspañol
245 1 3 _aEl malestar en la globalización /
_h
_cJoseph E. Stiglitz ; traducción Carlos Rodríguez Braun
250 _a
260 _aMadrid :
_bSantillana Ediciones Generales,
_c2010
300 _a447 p. ;
_c22 cm
490 _aPunto de lectura
_v140/1
586 _aPremio Nobel de Economía 2001
610 0 _940
_aFONDO MONETARIO INTERNACIONAL
650 7 _a PAÍSES EN DESARROLLO
_x ASPECTOS ECONÓMICOS
_2
650 7 _aGLOBALIZACIÓN
_y
_2
_xASPECTOS ECONÓMICOS
_zPAÍSES EN DESARROLLO
650 7 _aFINANZAS INTERNACIONALES
700 _aRodríguez Braun, Carlos,
_etr.
830 _aPunto de lectura
_v140/1
942 _2ddc
_cBK
945 _aInventariado, 2017/MFF
956 _aVMATEO
_b10
_c20160714
_dBPMSU
_f00069
999 _c10870
_d10870